Growing Cities in Spain - Statistics

General Stats
  • This quiz has been taken 36 times
  • The average score is 5 of 10
Answer Stats
Population Population Gained City % Correct
3,277,451 78,806 Madrid
100%
1,627,559 16,546 Barcelona
97%
578,063 16,628 Malaga
91%
424,837 22,793 Palma
81%
459,778 22,111 Murcia
78%
183,872 15,230 Getafe
41%
149,032 13,908 Marbella
22%
93,272 19,407 Rivas-Vaciamadrid
9%
59,000 12,389 Boadilla del Monte
6%
86,556 12,528 Mijas
6%
No matching quizzes found
Score Distribution
Percent of People with Each Score
Percentile by Number Answered
Your Score History
You have not taken this quiz